| 000 | 00651nam a2200217 i 4500 | ||
|---|---|---|---|
| 001 | 55161 | ||
| 003 | ES-MaACL | ||
| 005 | 20250829112151.0 | ||
| 007 | t| | ||
| 008 | 030915s1970 sp ||||1| spa d | ||
| 100 | 1 |
_aDelmas, Claude. _943546 |
|
| 245 | 1 | 0 |
_aHistoria de la civilización europea / _cpor Claude Delmas ; [traducción de Felipe Cid]. |
| 250 | _a[1ª ed.]. | ||
| 260 |
_aBarcelona : _bOikos-Tau, _c[1970] |
||
| 300 |
_a127 p. ; _c18 cm. |
||
| 490 | 1 |
_a¿Qué sé? ; _v1 |
|
| 700 | 1 |
_aCid, Felip, _d1930-2015 _938758 |
|
| 830 | 0 |
_a¿Qué sé? _v1 _9181382 |
|
| 852 |
_aES-MaACL _jC-42532 _bR.73386 |
||
| 999 |
_c55161 _d55161 |
||